| 000 | 00426nam a2200157 a 4500 | ||
|---|---|---|---|
| 005 | 20220923064010.0 | ||
| 008 | 050317s1982 mx r 000 0 spa d | ||
| 035 | _aUPN01000137956 | ||
| 049 | _aCG | ||
| 050 | 4 |
_aDS712 _bB4.4 |
|
| 245 | 0 | 0 |
_aBeijing : _bcapital de China. |
| 260 |
_aChina : _bLenguas extranjeras, _c1982. |
||
| 300 |
_a157 p. : _bil. col. |
||
| 651 | 7 |
_aChina _xDescripción y viajes _2 _911848 |
|
| 905 | _aLibro | ||
| 999 |
_c110107 _d110107 |
||